Základy obchodního práva

Gespeichert in:
Bibliographische Detailangaben
1. Verfasser: Bartošíková, Miroslava
Format: Buch
Sprache:Tschechisch
Veröffentlicht: Praha Prospektrum 1994
Ausgabe:1. vyd.
Schlagworte:
Tags: Tag hinzufügen
Keine Tags, Fügen Sie das erste Tag hinzu!

MARC

LEADER 00000nam a2200000 4500
001 c005859
005 20221214075541.2
020 |a 80-7175-018-2 
041 0 |a cze 
044 |a CZ 
245 1 0 |a Základy obchodního práva  |c Miroslava Bartošíková a kol. 
250 |a 1. vyd. 
264 1 |a Praha  |b Prospektrum  |c 1994 
300 |a 289 s. 
610 2 0 |a právo obchodné 
610 2 0 |a zákonník obchodný 
610 2 0 |a spoločnosti obchodné 
610 2 0 |a družstvá 
610 2 0 |a osoby právnické 
610 2 0 |a zmluvy 
610 2 0 |a papiere cenné 
100 1 |a Bartošíková, Miroslava